Statistics for AS Roma scorers in Serie A 2015-2016

Click here to take the quiz!

General Stats

  • This quiz has been taken 99 times
    (87 since last reset)
  • The average score is 11 of 19

Answer Stats

PlayerGoals% Correct
Edin Dzeko8
96%
Francesco Totti5
94%
Daniele De Rossi1
85%
Kostas Manolas2
82%
Mohamed Salah14
82%
Alessandro Florenzi7
81%
Radja Nainggolan6
81%
Stephan El Shaarawy8
71%
Diego Perotti3
66%
Miralem Pjanic10
57%
Antonio Rüdiger2
53%
Gervinho6
53%
Juan Iturbe1
46%
Lucas Digne3
43%
Maicon1
38%
Seydou Keita1
38%
Iago Falqué2
34%
Sadiq Umar2
16%
Emerson Palmieri1
9%

Score Distribution

Percentile by Number Answered

Percent of People with Each Score

Your Score History

You have not taken this quiz since the last reset